[Event "Championnat de France des Jeunes - Cade"]
[Site "TROYES"]
[Date "2010.04.11"]
[Round "1.2"]
[White "Jeannerot, Lea"]
[Black "Durot, Edwige"]
[Result "1-0"]
[WhiteElo "2030"]
[BlackElo "1745"]
[PlyCount "131"]
[EventDate "2010.??.??"]

1. Nf3 d5 2. b3 Nc6 3. Bb2 Bg4 4. d4 f6 5. Nbd2 e6 6. e3 Bd6 7. Be2 Nge7 8. O-O
O-O 9. c4 dxc4 10. Nxc4 Nd5 11. Nxd6 cxd6 12. Bc4 Nb6 13. Bd3 Ne7 14. a4 Rc8
15. h3 Bf5 16. Bxf5 Nxf5 17. e4 Ne7 18. a5 Nd7 19. Ba3 d5 20. exd5 exd5 21. Qe2
Rf7 22. Bxe7 Rxe7 23. Qb5 Nb8 24. Rfe1 Rcc7 25. Rxe7 Rxe7 26. Rc1 a6 27. Qc5
Nc6 28. b4 Re4 29. Rd1 Kh8 30. Nh2 Qe7 31. Qxd5 Re1+ 32. Rxe1 Qxe1+ 33. Nf1
Qxb4 34. Qf7 Qe7 35. Qc4 Qd8 36. d5 Nxa5 37. Qb4 h6 38. Ne3 b5 39. Qc5 Qd7 40.
Qb6 Nc4 41. Nxc4 bxc4 42. Qc6 Qd8 43. Qxc4 Kg8 44. d6+ Kf8 45. Qxa6 Ke8 46.
Qc6+ Qd7 47. Qd5 Kf8 48. Qc5 Kf7 49. Qc4+ Kf8 50. Qd5 g6 51. Qd4 Kf7 52. Qc4+
Kf8 53. Qc7 Ke8 54. Qc5 Kf7 55. Qc4+ Kf8 56. Qd5 Kg7 57. Kh2 Kf8 58. g4 Kg7 59.
Kg3 g5 60. h4 Kf8 61. hxg5 hxg5 62. f4 gxf4+ 63. Kxf4 Kg7 64. Qc5 Kf8 65. Qc7
Qa4+ 66. Kf5 1-0

[Event "Championnat de France des Jeunes - Cade"]
[Site "TROYES"]
[Date "2010.04.11"]
[Round "1.3"]
[White "Uhl, Sarah"]
[Black "De Seroux, Camille"]
[Result "0-1"]
[WhiteElo "1714"]
[BlackElo "2019"]
[PlyCount "88"]
[EventDate "2010.??.??"]

1. e4 c5 2. d4 cxd4 3. c3 d5 4. exd5 Qxd5 5. Qxd4 Qxd4 6. cxd4 Nc6 7. Bb5 Bd7
8. Nf3 Nf6 9. O-O e6 10. Nc3 a6 11. Ba4 Bb4 12. Bf4 O-O 13. Rac1 Bxc3 14. bxc3
Nxd4 15. cxd4 Bxa4 16. Rb1 Bc6 17. Ne5 Bd5 18. a3 Rfd8 19. Be3 Rac8 20. Rfc1
Ne4 21. Rxc8 Rxc8 22. Rc1 Rxc1+ 23. Bxc1 b5 24. Kf1 Kf8 25. f3 Nd6 26. Nd7+ Ke7
27. Nc5 a5 28. Ke2 Nc4 29. Kd3 Kd6 30. Bf4+ Kc6 31. Bc1 f5 32. Kc3 e5 33. Nd3
e4 34. fxe4 fxe4 35. Nf4 g5 36. Nxd5 Kxd5 37. Bxg5 Nxa3 38. Bf6 Nc4 39. h4 Ne3
40. g3 h5 41. Bh8 Nf5 42. Be5 b4+ 43. Kd2 Nxd4 44. Bxd4 Kxd4 0-1

[Event "Championnat de France des Jeunes - Cade"]
[Site "TROYES"]
[Date "2010.04.11"]
[Round "1.4"]
[White "Soubirou, Oriane"]
[Black "Josse, Mathilde"]
[Result "1-0"]
[WhiteElo "2017"]
[BlackElo "1688"]
[PlyCount "35"]
[EventDate "2010.??.??"]

1. e4 g6 2. d4 Bg7 3. Nc3 d6 4. Be3 a6 5. a4 Nf6 6. f3 O-O 7. Qd2 Nbd7 8. Bc4
e5 9. Nge2 Re8 10. Bg5 c6 11. d5 c5 12. g4 Qa5 13. O-O Nb6 14. b3 Bd7 15. h4
Qb4 16. Qd3 Reb8 17. Na2 Qa5 18. Bd2 1-0

[Event "Championnat de France des Jeunes - Cade"]
[Site "TROYES"]
[Date "2010.04.11"]
[Round "1.5"]
[White "Auffret, Gaelle"]
[Black "Auvray, Juliette"]
[Result "0-1"]
[WhiteElo "1669"]
[BlackElo "1974"]
[PlyCount "56"]
[EventDate "2010.??.??"]

1. d4 Nf6 2. c4 e6 3. Nc3 Bb4 4. Bg5 h6 5. Bxf6 Qxf6 6. e3 c5 7. a3 Bxc3+ 8.
bxc3 O-O 9. g3 Nc6 10. Bg2 d6 11. Ne2 Bd7 12. dxc5 Rac8 13. cxd6 Na5 14. O-O b6
15. Qd3 Nxc4 16. Ra2 e5 17. Rd1 Ba4 18. d7 Rcd8 19. Rb1 Qe6 20. Bd5 Qxd7 21.
Bxc4 Qxd3 22. Bxd3 Rxd3 23. Rb4 Bc6 24. Rb1 Rfd8 25. Raa1 Rd2 26. Re1 Bf3 27.
Kf1 Rc2 28. Rac1 Bxe2+ 0-1

[Event "Championnat de France des Jeunes - Cade"]
[Site "TROYES"]
[Date "2010.04.11"]
[Round "1.6"]
[White "Muller, Marion"]
[Black "Abidi, Ines"]
[Result "1/2-1/2"]
[WhiteElo "1943"]
[BlackElo "1651"]
[PlyCount "36"]
[EventDate "2010.??.??"]

1. e4 e6 2. d4 d5 3. Nc3 dxe4 4. Nxe4 Nd7 5. Nf3 Ngf6 6. Nxf6+ Nxf6 7. c3 Be7
8. Bd3 O-O 9. O-O b6 10. Ne5 Bb7 11. Qe2 c5 12. Be3 Qd5 13. f3 cxd4 14. Bxd4
Bc5 15. Bxc5 Qxc5+ 16. Kh1 Rfd8 17. Rfe1 Rd6 18. Rad1 Rad8 1/2-1/2

[Event "Championnat de France des Jeunes - Cade"]
[Site "TROYES"]
[Date "2010.04.11"]
[Round "1.7"]
[White "Daif, Sarah"]
[Black "Hourlier, Claire"]
[Result "0-1"]
[WhiteElo "1643"]
[BlackElo "1915"]
[PlyCount "58"]
[EventDate "2010.??.??"]

1. d4 Nf6 2. Nf3 g6 3. Bf4 Bg7 4. e3 d6 5. h3 O-O 6. Be2 Nbd7 7. O-O c6 8. Nbd2
Re8 9. Bg3 e5 10. dxe5 Nxe5 11. Nxe5 dxe5 12. e4 Qe7 13. c3 Rd8 14. Qc2 Nh5 15.
Bxh5 gxh5 16. Nf3 Kh8 17. Rad1 Rg8 18. Rfe1 Bf6 19. Qd2 h4 20. Bh2 Bxh3 21. g3
Rg6 22. Kh1 Qc5 23. Ng1 Be6 24. Qc2 Rag8 25. b4 Qf8 26. gxh4 Qh6 27. Nf3 Qh5
28. Rd3 Rh6 29. Ng5 Rxg5 0-1

[Event "Championnat de France des Jeunes - Cade"]
[Site "TROYES"]
[Date "2010.04.11"]
[Round "1.8"]
[White "Macarry, Elodie"]
[Black "Generet, Elise"]
[Result "1-0"]
[WhiteElo "1898"]
[BlackElo "1610"]
[PlyCount "73"]
[EventDate "2010.??.??"]

1. e4 e5 2. Nf3 Nc6 3. Bc4 Bc5 4. d3 d6 5. O-O Be6 6. Bb3 Nge7 7. Bxe6 fxe6 8.
Ng5 Qd7 9. c3 O-O 10. Nd2 Rf6 11. Nb3 Bb6 12. h4 Raf8 13. d4 a6 14. Nf3 Ng6 15.
h5 Nf4 16. dxe5 R6f7 17. exd6 cxd6 18. Ng5 e5 19. Nxf7 Rxf7 20. Be3 Bd8 21. Nd2
b5 22. c4 Qe6 23. cxb5 axb5 24. Nb3 Bc7 25. Rc1 Nb4 26. Bxf4 exf4 27. a3 Na6
28. Qf3 Qe5 29. Rc2 Bb6 30. Rd1 Re7 31. Rd5 Qe6 32. Rxb5 Bc5 33. Nxc5 Nxc5 34.
Rb8+ Re8 35. Rxe8+ Qxe8 36. Qxf4 Nxe4 37. Qf5 1-0

[Event "Championnat de France des Jeunes - Cade"]
[Site "TROYES"]
[Date "2010.04.11"]
[Round "1.9"]
[White "Lepenant, Maissane"]
[Black "Klipper, Noemie"]
[Result "1/2-1/2"]
[WhiteElo "1580"]
[BlackElo "1872"]
[PlyCount "72"]
[EventDate "2010.??.??"]

1. e4 c5 2. Nf3 g6 3. Bc4 Nc6 4. d4 cxd4 5. Nxd4 Bg7 6. Nxc6 bxc6 7. c3 Qc7 8.
Be3 Nf6 9. Nd2 O-O 10. O-O d5 11. Bd3 Rd8 12. Qe2 h5 13. Bc5 Ng4 14. Nf3 Ne5
15. Nxe5 Bxe5 16. g3 Bh3 17. Rfe1 Bd6 18. Bxd6 Qxd6 19. Rad1 Qe6 20. exd5 Qxe2
21. Bxe2 cxd5 22. Bf3 e6 23. c4 Rab8 24. cxd5 exd5 25. Bxd5 Rxb2 26. Bxf7+ Kxf7
27. Rxd8 Rxa2 28. Kh1 a5 29. Rg1 Kf6 30. Ra8 Rxf2 31. Rxa5 Be6 32. Ra6 Kg5 33.
h4+ Kh6 34. Rg2 Rf1+ 35. Rg1 Rf2 36. Rg2 Rf1+ 1/2-1/2

[Event "Championnat de France des Jeunes - Cade"]
[Site "TROYES"]
[Date "2010.04.11"]
[Round "1.10"]
[White "Copin, Oceane"]
[Black "Bourdaim, Hanna"]
[Result "1-0"]
[WhiteElo "1871"]
[BlackElo "1550"]
[PlyCount "49"]
[EventDate "2010.??.??"]

1. d4 d5 2. Nf3 Nf6 3. c4 e6 4. g3 Nbd7 5. Qc2 c6 6. Bg2 Be7 7. O-O O-O 8. Re1
Bb4 9. Bd2 Bxd2 10. Nbxd2 Re8 11. e4 dxe4 12. Nxe4 Nxe4 13. Qxe4 Nf6 14. Qc2 b6
15. Ne5 Bb7 16. Nxc6 Qc7 17. d5 Nd7 18. Nd4 e5 19. Nb5 Qc5 20. a3 Rec8 21. Qe2
Qxc4 22. Qxc4 Rxc4 23. Nd6 Rc7 24. Nxb7 Rxb7 25. d6 1-0

[Event "Championnat de France des Jeunes - Mini"]
[Site "TROYES"]
[Date "2010.04.11"]
[Round "1.1"]
[White "Ider, Borya"]
[Black "Degardin, Sylvain"]
[Result "1-0"]
[WhiteElo "2283"]
[BlackElo "1860"]
[PlyCount "135"]
[EventDate "2010.??.??"]

1. d4 d5 2. Nf3 Nf6 3. c4 e6 4. g3 Be7 5. Bg2 O-O 6. O-O dxc4 7. Ne5 Nc6 8.
Bxc6 bxc6 9. Nxc6 Qe8 10. Nxe7+ Qxe7 11. Qa4 e5 12. dxe5 Qxe5 13. Qxc4 Be6 14.
Qd3 Rfd8 15. Qe3 Qh5 16. f3 Nd5 17. Qc5 Qh3 18. Nc3 Nxc3 19. Qxc3 Rd7 20. Be3
h5 21. Rfd1 h4 22. Bf2 hxg3 23. Bxg3 Rxd1+ 24. Rxd1 Bxa2 25. Qxc7 Qc8 26. Qe5
Qe6 27. Kf2 Qxe5 28. Bxe5 f6 29. Bc3 Bb3 30. Rd7 a5 31. h4 Bf7 32. e4 a4 33. e5
fxe5 34. Bxe5 a3 35. bxa3 Rxa3 36. Bd4 Ra5 37. Rc7 Rd5 38. Be3 Bh5 39. Kg3 Rf5
40. Bf4 Rd5 41. Re7 Rd3 42. Be3 Rd8 43. Rc7 Rf8 44. Bf4 Rf7 45. Rc5 g6 46. Rc3
Re7 47. Bg5 Rd7 48. Rc6 Rd3 49. Rf6 Rd7 50. Rb6 Rd3 51. Rf6 Rd7 52. Bf4 Rf7 53.
Rd6 Rb7 54. Rf6 Rf7 55. Re6 Rb7 56. Re3 Rf7 57. Bd6 Rd7 58. Be5 Rf7 59. Bc3 Rd7
60. Be5 Rf7 61. Rc3 Rd7 62. Kf4 Kf7 63. Kg5 Ke6 64. f4 Rf7 65. Rc6+ Ke7 66.
Rc7+ Ke8 67. Rxf7 Kxf7 68. f5 1-0

[Event "Championnat de France des Jeunes - Mini"]
[Site "TROYES"]
[Date "2010.04.11"]
[Round "1.3"]
[White "Netzer, Jacques"]
[Black "Copin, Valentin"]
[Result "1/2-1/2"]
[WhiteElo "2215"]
[BlackElo "1851"]
[PlyCount "38"]
[EventDate "2010.??.??"]

1. e4 c5 2. Nf3 e6 3. d4 cxd4 4. Nxd4 Nf6 5. Nc3 Nc6 6. Be2 Bb4 7. O-O Bxc3 8.
bxc3 Nxe4 9. Qd3 d5 10. Ba3 Qa5 11. Nb5 a6 12. Nd6+ Nxd6 13. Bxd6 Ne7 14. c4
Qd8 15. Qa3 Nf5 16. Bb4 Nd4 17. Bd3 dxc4 18. Bxc4 b5 19. Bd3 Bb7 1/2-1/2

[Event "Championnat de France des Jeunes - Mini"]
[Site "TROYES"]
[Date "2010.04.11"]
[Round "1.4"]
[White "Siclet, Mathieu"]
[Black "Loiseau, Quentin"]
[Result "0-1"]
[WhiteElo "1842"]
[BlackElo "2185"]
[PlyCount "70"]
[EventDate "2010.??.??"]

1. d4 Nf6 2. Nf3 g6 3. b4 Bg7 4. Bb2 O-O 5. Nbd2 d6 6. e3 Nbd7 7. c4 c5 8. bxc5
dxc5 9. d5 b5 10. e4 bxc4 11. Qc2 Ba6 12. Bxc4 Bxc4 13. Nxc4 Nb6 14. Nfe5 Qc7
15. O-O Rab8 16. Rab1 Nxc4 17. Nxc4 Rb4 18. Ba3 Rxb1 19. Rxb1 Ng4 20. h3 Qh2+
21. Kf1 Nxf2 22. Bxc5 Nxh3 23. Bxe7 Qg1+ 24. Ke2 Qxg2+ 25. Kd1 Nf2+ 26. Kc1
Qh1+ 27. Kd2 Nxe4+ 28. Kd3 Qf3+ 29. Ne3 Nf2+ 30. Kd2 Bh6 31. Rb3 Ne4+ 32. Kc1
Bxe3+ 33. Kb2 Re8 34. d6 Bd4+ 35. Ka3 Qf5 0-1

[Event "Championnat de France des Jeunes - Mini"]
[Site "TROYES"]
[Date "2010.04.11"]
[Round "1.5"]
[White "Ollier, Milan"]
[Black "Perrois, Aurelien"]
[Result "1/2-1/2"]
[WhiteElo "2117"]
[BlackElo "1830"]
[PlyCount "102"]
[EventDate "2010.??.??"]

1. e4 c5 2. Nf3 d6 3. Bb5+ Bd7 4. Bxd7+ Nxd7 5. O-O Ngf6 6. Qe2 Qc7 7. c3 e6 8.
d4 cxd4 9. cxd4 Be7 10. Nc3 O-O 11. h3 a6 12. Bf4 Rac8 13. e5 Ne8 14. d5 dxe5
15. Nxe5 Nxe5 16. Bxe5 Qd7 17. Rad1 exd5 18. Rxd5 Qe6 19. Qd2 Nf6 20. Bxf6 Bxf6
21. Re1 Bxc3 22. bxc3 Qf6 23. Re3 g6 24. Rd7 Rfd8 25. Rf3 Rxd7 26. Qxd7 Rd8 27.
Qxb7 Rd1+ 28. Kh2 Qd6+ 29. g3 Qd5 30. Qxd5 Rxd5 31. a4 Ra5 32. Rf4 Rc5 33. c4
Ra5 34. Rf3 Rxa4 35. Rc3 Rb4 36. c5 Rb8 37. Ra3 Rc8 38. Ra5 Rc6 39. Kg2 Kg7 40.
Kf3 Re6 41. Ra4 Kf6 42. g4 Ke5 43. Kg3 Kd5 44. Ra5 Kc4 45. f4 Kb4 46. Ra1 Kxc5
47. f5 Rd6 48. Kf4 Kb4 49. Ke5 Rc6 50. Kd5 Rf6 51. Ke5 Rc6 1/2-1/2

[Event "Championnat de France des Jeunes - Mini"]
[Site "TROYES"]
[Date "2010.04.11"]
[Round "1.6"]
[White "Hector, Pierre"]
[Black "Barbot, Pierre"]
[Result "1/2-1/2"]
[WhiteElo "1821"]
[BlackElo "2111"]
[Annotator "Rivier,Sylvain"]
[PlyCount "71"]
[EventDate "2010.??.??"]

1. d4 Nf6 2. c4 e6 3. Nf3 c5 4. g3 b6 5. Bg2 Bb7 6. O-O Be7 7. Nc3 d5 8. cxd5
exd5 9. Bf4 O-O 10. Rc1 Nc6 11. dxc5 bxc5 12. Na4 Qa5 13. Bd2 Qb5 14. Nc3 Qa6
15. Bg5 d4 16. Bxf6 gxf6 17. Ne4 Qb5 18. Nh4 Bc8 19. Qb3 Rb8 20. Qf3 Kg7 21.
Nf5+ Bxf5 22. Qxf5 Ne5 23. Rxc5 Bxc5 24. Qxf6+ Kg8 25. Qxe5 Bb4 26. Nf6+ Kh8
27. Qxd4 Qg5 28. Nd7+ Qg7 29. Qxg7+ Kxg7 30. Nxb8 Rxb8 31. Rc1 Ba5 32. Rc2 Rd8
33. Be4 h6 34. Kg2 Bb6 35. f4 Rd4 36. Kf3 {suite illisible} 1/2-1/2

[Event "Championnat de France des Jeunes - Mini"]
[Site "TROYES"]
[Date "2010.04.11"]
[Round "1.7"]
[White "Thon, Gabriel"]
[Black "Roques, Olivier"]
[Result "1-0"]
[WhiteElo "2107"]
[BlackElo "1819"]
[PlyCount "113"]
[EventDate "2010.??.??"]

1. e4 c5 2. Nf3 d6 3. d4 cxd4 4. Nxd4 Nf6 5. Nc3 a6 6. Bg5 e6 7. f4 Be7 8. Qf3
Qc7 9. O-O-O Nbd7 10. g4 b5 11. Bxf6 Nxf6 12. g5 Nd7 13. f5 Bxg5+ 14. Kb1 Ne5
15. Qh5 Qe7 16. Nxe6 Bxe6 17. fxe6 g6 18. exf7+ Kxf7 19. Qh3 Kg7 20. Nd5 Qd8
21. Be2 Ra7 22. Qg3 Bh4 23. Qe3 Rf7 24. Rhf1 Rhf8 25. Qc3 Bf2 26. Qa3 Qd7 27.
h3 h5 28. Nb4 a5 29. Nd3 Qxh3 30. Qxa5 Qe3 31. Nxe5 dxe5 32. Qxb5 Qxe4 33. Bd3
Rb7 34. Bxe4 Rxb5 35. Rd7+ Kg8 36. Bxg6 h4 37. Bh7+ Kh8 38. Bd3 Rb6 39. Rh7+
Kg8 40. Rh5 Rf4 41. Rxe5 Rxb2+ 42. Kxb2 Bd4+ 43. Kb3 Bxe5 44. Rxf4 Bxf4 45. Bf5
Kf7 46. Kc4 Ke7 47. Kd5 Kd8 48. Kc6 Bc1 49. a4 Bd2 50. c4 Ke7 51. Bh3 Kf6 52.
Kd5 Bb4 53. c5 Ke7 54. Kc6 Kd8 55. Kb6 Bc3 56. a5 Be5 57. a6 1-0

[Event "Championnat de France des Jeunes - Mini"]
[Site "TROYES"]
[Date "2010.04.11"]
[Round "1.8"]
[White "Cornaton, Antoine"]
[Black "Ane, Cedric"]
[Result "1/2-1/2"]
[WhiteElo "1815"]
[BlackElo "2106"]
[PlyCount "102"]
[EventDate "2010.??.??"]

1. e4 c5 2. Nc3 Nc6 3. g3 g6 4. Bg2 Bg7 5. d3 Rb8 6. Be3 b5 7. Qd2 b4 8. Nd1 d6
9. Ne2 h6 10. O-O e6 11. f4 Nge7 12. c3 O-O 13. f5 exf5 14. Bxh6 d5 15. Bxg7
Kxg7 16. exd5 Nxd5 17. Ne3 Nxe3 18. Qxe3 Re8 19. Qxc5 Rxe2 20. Bxc6 Qxd3 21.
Rad1 Qa6 22. Rde1 Rb6 23. Qd4+ f6 24. Bf3 Rxe1 25. Rxe1 Re6 26. Rxe6 Bxe6 27.
Qxb4 Qxa2 28. Qe7+ Bf7 29. Qe2 a5 30. Kf2 Qb3 31. Qd2 Qb6+ 32. Kg2 g5 33. h3
Qb3 34. Bd1 Qa2 35. Qc2 Bd5+ 36. Bf3 Bb3 37. Qe2 a4 38. Kf2 Be6 39. Kg2 Kf8 40.
Kf2 Bc4 41. Qd2 Ke7 42. Ke3 Qb1 43. Bd1 Qe4+ 44. Kf2 Bd5 45. Qe3 Bc6 46. h4
gxh4 47. gxh4 Kf7 48. Qxe4 fxe4 49. Ke3 f5 50. Kf4 Kf6 51. h5 Be8 1/2-1/2

[Event "Championnat de France des Jeunes - Mini"]
[Site "TROYES"]
[Date "2010.04.11"]
[Round "1.9"]
[White "Ozenne, Corentin"]
[Black "De Lussac, Maxence"]
[Result "1/2-1/2"]
[WhiteElo "2105"]
[BlackElo "1813"]
[PlyCount "83"]
[EventDate "2010.??.??"]

1. d4 Nf6 2. c4 g6 3. Nc3 d5 4. cxd5 Nxd5 5. e4 Nxc3 6. bxc3 Bg7 7. Bg5 c5 8.
Rc1 cxd4 9. cxd4 O-O 10. Nf3 Bg4 11. d5 Bxf3 12. gxf3 Nd7 13. Be2 Nb6 14. O-O
Qd6 15. Qd2 Rac8 16. f4 e6 17. Bf3 exd5 18. exd5 h6 19. Bh4 Nc4 20. Qd3 Qxf4
21. Bg3 Ne5 22. Bxf4 Nxd3 23. Rxc8 Rxc8 24. Be3 b6 25. d6 Rd8 26. Rd1 Ne5 27.
Bb7 Bf8 28. Bf4 Rxd6 29. Rxd6 Bxd6 30. Bxh6 Ng4 31. Bg5 Bxh2+ 32. Kg2 Bd6 33.
Kf3 Ne5+ 34. Ke4 Nd7 35. Kd5 Bc5 36. f3 f6 37. Ke6 fxg5 38. Kxd7 Kf7 39. Kc6 a5
40. a4 Ke6 41. Bc8+ Ke5 42. Bg4 1/2-1/2

[Event "Championnat de France des Jeunes - Mini"]
[Site "TROYES"]
[Date "2010.04.11"]
[Round "1.10"]
[White "Romero, Vladimir"]
[Black "Peyre, Thomas"]
[Result "1-0"]
[WhiteElo "1813"]
[BlackElo "2074"]
[PlyCount "63"]
[EventDate "2010.??.??"]

1. e4 c5 2. Nf3 d6 3. d4 cxd4 4. Nxd4 Nf6 5. Nc3 a6 6. Bc4 e6 7. Bb3 b5 8. O-O
Be7 9. f4 Nbd7 10. Be3 Bb7 11. Bxe6 Nc5 12. Bd5 b4 13. Bxb7 Nxb7 14. Nd5 Nxd5
15. exd5 Bf6 16. Nc6 Qc7 17. Bd4 Bxd4+ 18. Qxd4 O-O 19. f5 f6 20. Qxb4 Nd8 21.
Qa5 Qd7 22. Nd4 Qa7 23. Rad1 Rb8 24. Qa3 Re8 25. Kh1 Nf7 26. Nc6 Qb7 27. Nxb8
Rxb8 28. Rfe1 Ne5 29. Qxd6 Qxb2 30. Qe6+ Kf8 31. d6 Ng4 32. d7 1-0

[Event "Championnat de France des Jeunes - Mini"]
[Site "TROYES"]
[Date "2010.04.11"]
[Round "1.1"]
[White "Aflalo, Sophie"]
[Black "Le Marec, Laura"]
[Result "1-0"]
[WhiteElo "2041"]
[BlackElo "1585"]
[PlyCount "75"]
[EventDate "2010.??.??"]

1. e4 e6 2. Qe2 c5 3. g3 Nc6 4. Bg2 Be7 5. c3 Bf6 6. f4 d6 7. Nf3 Qc7 8. d3
Nge7 9. Nbd2 O-O 10. h4 b5 11. a3 b4 12. axb4 cxb4 13. d4 bxc3 14. bxc3 e5 15.
fxe5 dxe5 16. d5 Na5 17. c4 Nb7 18. O-O Bg4 19. Ba3 Rfc8 20. Rab1 Nc5 21. Rb5
Nb7 22. Rfb1 Nd6 23. Rc5 Qd7 24. Rxc8+ Rxc8 25. c5 Bxf3 26. Bxf3 Ne8 27. Bg4
Qa4 28. Nc4 Rd8 29. Kh2 a5 30. Bb2 Qb5 31. c6 g6 32. Qc2 h5 33. Ba3 Qa6 34. Bf3
Nc8 35. Bc5 Be7 36. Bxe7 Nxe7 37. Nxe5 Qa7 38. Rb7 1-0

[Event "Championnat de France des Jeunes - Mini"]
[Site "TROYES"]
[Date "2010.04.11"]
[Round "1.2"]
[White "Daadaa, Soha"]
[Black "Neuhauser, Salome"]
[Result "0-1"]
[WhiteElo "1576"]
[BlackElo "2014"]
[PlyCount "74"]
[EventDate "2010.??.??"]

1. d4 Nf6 2. c4 e6 3. Nf3 Bb4+ 4. Bd2 Bxd2+ 5. Nbxd2 c5 6. e3 O-O 7. Bd3 cxd4
8. exd4 Nc6 9. O-O d5 10. c5 b6 11. a3 bxc5 12. dxc5 a5 13. Bb5 Na7 14. Ba4 Rb8
15. Rb1 Ba6 16. Re1 Bd3 17. Bc2 Bxc2 18. Qxc2 Nb5 19. Qa4 Qc7 20. Rec1 e5 21.
Nb3 e4 22. Nfd4 Nxd4 23. Nxd4 Qf4 24. Ne2 Qe5 25. Qd4 Ng4 26. Qxe5 Nxe5 27. Nc3
Nd3 28. Rc2 Nxc5 29. Nxd5 Nd3 30. Kf1 Rfe8 31. Nc3 Re7 32. Rd2 f5 33. Na4 Rb3
34. Rbd1 Reb7 35. Rb1 Rxa3 36. bxa3 Rxb1+ 37. Ke2 Re1# 0-1

[Event "Championnat de France des Jeunes - Mini"]
[Site "TROYES"]
[Date "2010.04.11"]
[Round "1.3"]
[White "Eid, Maha"]
[Black "Amosse, Blandine"]
[Result "1-0"]
[WhiteElo "2003"]
[BlackElo "1575"]
[PlyCount "47"]
[EventDate "2010.??.??"]

1. d4 Nf6 2. c4 g6 3. Nc3 Bg7 4. e4 d6 5. f3 O-O 6. Be3 e5 7. Nge2 Nc6 8. Qd2
Ne8 9. d5 Ne7 10. g4 Qd7 11. Rg1 a6 12. Ng3 c6 13. Na4 Qd8 14. Bb6 Qd7 15. Ba5
Rb8 16. Nb6 Qc7 17. Rc1 Kh8 18. c5 cxd5 19. Nxd5 Qd7 20. Nb6 Qc6 21. cxd6 Qxd6
22. Qxd6 Nxd6 23. Bb4 Rd8 24. Rd1 1-0

[Event "Championnat de France des Jeunes - Mini"]
[Site "TROYES"]
[Date "2010.04.11"]
[Round "1.4"]
[White "Ferrer, Lauriane"]
[Black "Pivard, Elsa"]
[Result "1-0"]
[WhiteElo "1572"]
[BlackElo "1860"]
[PlyCount "87"]
[EventDate "2010.??.??"]

1. e4 c6 2. d4 d5 3. e5 Bf5 4. c3 e6 5. Nf3 Nd7 6. Be2 c5 7. O-O cxd4 8. cxd4
Bb4 9. Nc3 Ne7 10. Be3 Rc8 11. Rc1 O-O 12. h3 Nb6 13. a3 Bxc3 14. bxc3 Nc4 15.
Bxc4 Rxc4 16. g4 Be4 17. Nd2 Rc6 18. Nxe4 dxe4 19. Re1 Nd5 20. Qb3 Qe7 21. Bd2
Rb6 22. Qa2 Ra6 23. Ra1 Rc8 24. c4 Nb6 25. c5 Nd5 26. Rxe4 b6 27. cxb6 Rxb6 28.
Ree1 Rbc6 29. Rac1 f6 30. Rxc6 Rxc6 31. f4 fxe5 32. dxe5 Ra6 33. Ra1 Kh8 34.
Qc4 h6 35. Qxa6 Qc5+ 36. Kg2 Qc2 37. Qa5 Nxf4+ 38. Kf3 Nxh3 39. Qc3 Qa4 40. Kg3
Ng5 41. Bxg5 hxg5 42. Qc8+ Kh7 43. Rh1+ Kg6 44. Qxe6# 1-0

[Event "Championnat de France des Jeunes - Mini"]
[Site "TROYES"]
[Date "2010.04.11"]
[Round "1.5"]
[White "Monpeurt, Cyrielle"]
[Black "Laurent, Chloe"]
[Result "1-0"]
[WhiteElo "1855"]
[BlackElo "1560"]
[PlyCount "25"]
[EventDate "2010.??.??"]

1. e4 c5 2. Nf3 g6 3. d4 cxd4 4. Nxd4 Nc6 5. Nc3 Bg7 6. Be3 Nf6 7. Nxc6 bxc6 8.
e5 Ng8 9. f4 e6 10. Ne4 Bf8 11. Qd2 Nh6 12. Nf6+ Ke7 13. Qd6# 1-0

[Event "Championnat de France des Jeunes - Mini"]
[Site "TROYES"]
[Date "2010.04.11"]
[Round "1.6"]
[White "Chauvet, Adele"]
[Black "Afraoui, Solenn"]
[Result "0-1"]
[WhiteElo "1546"]
[BlackElo "1851"]
[PlyCount "56"]
[EventDate "2010.??.??"]

1. e4 c5 2. Nc3 d6 3. g3 g6 4. Bg2 Bg7 5. Nge2 Nc6 6. d3 e5 7. O-O Nge7 8. f4
O-O 9. fxe5 dxe5 10. Be3 Nd4 11. Qd2 Be6 12. h3 Qd7 13. Kh2 Rad8 14. a3 b6 15.
Rac1 f5 16. Bh6 Rf6 17. Bg5 Rf7 18. exf5 gxf5 19. Qe3 Rdf8 20. Rf2 Qd6 21. Qd2
Bd7 22. Nxd4 cxd4 23. Bxe7 Rxe7 24. Nd5 Ree8 25. Re1 Bc6 26. Nb4 Bxg2 27. Kxg2
a5 28. Na2 Qd5+ 0-1

[Event "Championnat de France des Jeunes - Mini"]
[Site "TROYES"]
[Date "2010.04.11"]
[Round "1.7"]
[White "Colin, Phanie"]
[Black "Etienne, Alice"]
[Result "1-0"]
[WhiteElo "1830"]
[BlackElo "1540"]
[PlyCount "49"]
[EventDate "2010.??.??"]

1. c4 e6 2. Nf3 d5 3. g3 Nf6 4. Bg2 Be7 5. O-O O-O 6. cxd5 exd5 7. d4 Bf5 8.
Nc3 c5 9. Bg5 Nbd7 10. dxc5 Nxc5 11. Bxf6 Bxf6 12. Qxd5 Qxd5 13. Nxd5 Bxb2 14.
Ne7+ Kh8 15. Nxf5 Bxa1 16. Rxa1 Rfe8 17. Rc1 b6 18. Ng5 Rab8 19. e3 Kg8 20. Nd6
Re7 21. Ngxf7 Nd3 22. Rd1 Nb4 23. a3 Nc2 24. Bd5 Rf8 25. Nh6+ 1-0

[Event "Championnat de France des Jeunes - Mini"]
[Site "TROYES"]
[Date "2010.04.11"]
[Round "1.8"]
[White "Suescun, Melanie"]
[Black "Griggio, Julie"]
[Result "0-1"]
[WhiteElo "1539"]
[BlackElo "1816"]
[PlyCount "96"]
[EventDate "2010.??.??"]

1. e4 e6 2. d4 d5 3. e5 c5 4. c3 Nc6 5. Nf3 Qb6 6. Na3 cxd4 7. cxd4 Bb4+ 8. Bd2
Bxa3 9. bxa3 Nxd4 10. Bc3 Nb5 11. Bxb5+ Qxb5 12. Rb1 Qc4 13. Qc2 Ne7 14. Rb4
Qc7 15. O-O Nc6 16. Rh4 h6 17. Re1 Bd7 18. Rg4 g6 19. Rh4 O-O-O 20. Bd2 g5 21.
Rg4 Rdg8 22. Nd4 Nxd4 23. Qxc7+ Kxc7 24. Rxd4 Bb5 25. a4 Bc4 26. a3 h5 27. Rb1
f6 28. Bc3 fxe5 29. Rxc4+ dxc4 30. Bxe5+ Kc6 31. Bxh8 Rxh8 32. Kf1 Rd8 33. Ke2
a6 34. Rc1 Kc5 35. Rc3 b5 36. axb5 axb5 37. Re3 b4 38. axb4+ Kxb4 39. Rxe6 c3
40. Rb6+ Ka3 41. Ra6+ Kb2 42. Rb6+ Kc1 43. Rb5 c2 44. Ke1 Re8+ 45. Kf1 Kd2 46.
Rd5+ Kc3 47. Rc5+ Kd3 48. Rd5+ Kc4 0-1

[Event "Championnat de France des Jeunes - Mini"]
[Site "TROYES"]
[Date "2010.04.11"]
[Round "1.10"]
[White "Harwood, Elisabeth"]
[Black "Alonso, Audrey"]
[Result "0-1"]
[WhiteElo "1530"]
[BlackElo "1782"]
[PlyCount "64"]
[EventDate "2010.??.??"]

1. c4 Nf6 2. Nc3 e5 3. Nf3 Nc6 4. g3 Bc5 5. Bg2 d6 6. e3 Bg4 7. O-O e4 8. d4
exf3 9. Bxf3 Bxf3 10. Qxf3 Bb6 11. Re1 O-O 12. a3 Re8 13. Re2 a6 14. b4 Qc8 15.
Bb2 Ne7 16. Rd1 c6 17. e4 Ng6 18. d5 Ne5 19. Qf5 Qxf5 20. exf5 Nxc4 21. Rxe8+
Rxe8 22. Na4 Nxb2 23. Nxb2 Nxd5 24. Nc4 Bc7 25. Kg2 Re4 26. Nd2 Re2 27. Nf3
Ne3+ 28. Kg1 Nxd1 29. Ng5 Bb6 30. Nh3 Nxf2 31. Nxf2 Rxf2 32. h3 d5 0-1

[Event "Championnat de France des Jeunes - Benja"]
[Site "TROYES"]
[Date "2010.04.11"]
[Round "1.1"]
[White "Navrotescu, Andreea-Cristiana"]
[Black "Sauveur, Camille"]
[Result "1-0"]
[WhiteElo "1930"]
[BlackElo "1460"]
[PlyCount "95"]
[EventDate "2010.??.??"]

1. d4 d5 2. c4 dxc4 3. Nf3 Bf5 4. e3 e6 5. Bxc4 Bd6 6. O-O Nf6 7. Nc3 O-O 8.
Re1 Bb4 9. Bd2 Bg4 10. a3 Bxc3 11. Bxc3 Qd7 12. Rc1 Rd8 13. Be2 Nc6 14. b4 Ne7
15. Qb3 Qd5 16. Qxd5 Nexd5 17. Bb2 a5 18. b5 b6 19. Bf1 Bxf3 20. gxf3 Rd7 21.
Rc2 Re8 22. Rec1 Rc8 23. e4 Nf4 24. Rc6 Re8 25. Rxc7 Rxc7 26. Rxc7 Rb8 27. Bc1
Ng6 28. Be2 e5 29. d5 Rd8 30. Be3 Rd6 31. Rc8+ Nf8 32. Rc6 Ne8 33. Bxb6 Rg6+
34. Rxg6 Nxg6 35. Bxa5 Nd6 36. Bb4 Nb7 37. b6 Nf8 38. Ba6 Nd8 39. Bxf8 Kxf8 40.
b7 Nxb7 41. Bxb7 Ke8 42. a4 Kd7 43. a5 Kc7 44. a6 Kb8 45. d6 f6 46. d7 Kc7 47.
a7 Kxb7 48. d8=Q 1-0